000 01552nam a22003497a 4500
999 _c65925
_d65925
005 20240530110850.0
008 200912s2020 ua a f b 000 0dara d
017 _a2019/9623
_bمصر. دار الكتب
020 _a9789778124057
040 _aEG-CaGPL
_cEG-CaGPL
082 0 4 _221
_a327.117\
_bهـ ش
100 0 _aهشام محمد جلال
245 1 0 _aشبكات التطرف والارهاب فى منطقة الساحل الافريقى :
_bمالى نموذجا /
_c هشام محمد جلال ؛ اشراف علمى جهاد عودة
250 _aط.1
260 _aالقاهرة :
_bالمكتب العربى للمعارف،
_c2020
300 _a120 ص. ؛
_c24 سم.
490 0 _aسلسلة شبكات التطرف
504 _aيشتمل على ارجاعات ببليوجرافية
650 0 7 _aالهجرة المتطرفة
_2qrmak
650 0 7 _aالمخدرات
_xصناعة وتجارة
_2qrmak
650 0 7 _aالارهاب
_2qrmak
650 0 7 _aالارهاب
_zافريقيا
_2qrmak
650 0 7 _aالجريمة المنظمة
_2qrmak
651 0 7 _2qrmak
_aمالى
_xالاحوال السياسية
651 0 7 _aمالى
_xالاحوال الاقتصادية
_2qrmak
651 0 7 _aالصومال
_xالاحوال السياسية
_2qrmak
651 0 7 _aتشاد
_xالاحوال السياسية
_2qrmak
651 0 7 _aالنيجر
_xالاحوال السياسية
_2qrmak
700 0 _aجهاد عودة
_eمشرف علمى
942 _2ddc
_cBK